[Event "IECG CP.2004.P.00060 email"]
[Site "IECG email"]
[Date "2004.10.01"]
[Round "?"]
[White "Choroba, Volker"]
[Black "Martins, Karin"]
[Result "1-0"]
[WhiteElo "1914"]
[BlackElo "1474"]
[PlyCount "47"]
[EventDate "2004.10.01"]
[EventType "tourn (corr)"]
[EventRounds "6"]
[SourceTitle "Corr 2011"]
[Source "ChessBase"]
[SourceDate "2010.08.31"]
[SourceVersion "1"]
[SourceVersionDate "2010.08.31"]
[SourceQuality "1"]

1. e4 e5 2. Nf3 Nc6 3. Nc3 Nf6 4. d4 exd4 5. Nd5 Nxe4 6. Qe2 f5 7. Ng5 d3 8. cxd3 Nd4 9. Qh5+ g6 10. Qh4 c6 11. dxe4 cxd5 12. exd5 Nc2+ 13. Kd1 Nxa1 14. Qd4 Rg8 15. Bb5 Be7 16. Re1 Qc7 17. Ba4 Qb6 18. Rxe7+ Kxe7 19. Qe5+ Kf8 20. Ne6+ Kf7 21. Bg5 Qd4+ 22. Qxd4 b6 23. Qf6+ Ke8 24. Qe7# 1-0

[Event "IECG CP.2004.P.00060 email"]
[Site "IECG email"]
[Date "2004.10.01"]
[Round "?"]
[White "Choroba, Volker"]
[Black "Safarian, Armen A"]
[Result "0-1"]
[WhiteElo "1914"]
[BlackElo "2172"]
[PlyCount "108"]
[EventDate "2004.10.01"]
[EventType "tourn (corr)"]
[EventRounds "6"]
[SourceTitle "Corr 2011"]
[Source "ChessBase"]
[SourceDate "2010.08.31"]
[SourceVersion "1"]
[SourceVersionDate "2010.08.31"]
[SourceQuality "1"]

1. e4 c5 2. d4 cxd4 3. c3 dxc3 4. Nxc3 Nc6 5. Nf3 d6 6. Bc4 e6 7. 0-0 Be7 8. Qe2 Nf6 9. Rd1 e5 10. h3 0-0 11. Bg5 Be6 12. Bxf6 Bxf6 13. Nb5 Be7 14. Bxe6 fxe6 15. Qd3 Qd7 16. Rd2 Rad8 17. Rad1 Qc8 18. Qb3 a6 19. Nxd6 Bxd6 20. Rxd6 Nd4 21. Rxd8 Rxd8 22. Nxd4 exd4 23. Rd3 b5 24. e5 Qc1+ 25. Rd1 Qc4 26. Qa3 Qc2 27. Qb3 Qxb3 28. axb3 Kf7 29. Kf1 Rd5 30. Rd3 a5 31. Rf3+ Ke7 32. Rd3 g5 33. g3 b4 34. g4 h6 35. h4 Rxe5 36. hxg5 hxg5 37. Rxd4 Rd5 38. Re4 Rd3 39. Re5 Kf6 40. Rxa5 Rxb3 41. Rb5 Rxb2 42. Kg2 b3 43. Kf3 Rb1 44. Kg2 e5 45. Kh2 Ke6 46. Kg2 Kd6 47. Kf3 Kc6 48. Rb8 Kd5 49. Ke3 Kc4 50. Kd2 Rb2+ 51. Ke3 Rc2 52. f3 Kc3 53. Ke4 Re2+ 54. Kf5 Re3 0-1

[Event "IECG CP.2004.P.00060 email"]
[Site "IECG email"]
[Date "2004.10.01"]
[Round "?"]
[White "Rogers, Henry"]
[Black "Choroba, Volker"]
[Result "1/2-1/2"]
[WhiteElo "757"]
[BlackElo "1914"]
[PlyCount "134"]
[EventDate "2004.10.01"]
[EventType "tourn (corr)"]
[EventRounds "6"]
[SourceTitle "Corr 2011"]
[Source "ChessBase"]
[SourceDate "2010.08.31"]
[SourceVersion "1"]
[SourceVersionDate "2010.08.31"]
[SourceQuality "1"]

1. c4 e5 2. e4 Nc6 3. Nf3 f5 4. exf5 e4 5. Ng1 Qg5 6. g4 Nf6 7. h3 h5 8. d3 Qh4 9. Bf4 Bb4+ 10. Nc3 hxg4 11. Rh2 e3 12. Qe2 Kf7 13. Bg3 exf2+ 14. Qxf2 Qg5 15. h4 Qh5 16. 0-0-0 Bxc3 17. bxc3 d6 18. c5 Qxf5 19. cxd6 Qxf2 20. Rxf2 cxd6 21. Bxd6 Rxh4 22. d4 Na5 23. Bc7 b6 24. d5 Bd7 25. Ne2 Nc4 26. Rd4 Ne3 27. Ng3 Rc8 28. d6 Nxf1 29. Rxf1 Re8 30. Rfd1 Rh3 31. R1d3 Re1+ 32. Kc2 Ra1 33. Kb3 Rh2 34. Rd2 Be6+ 35. c4 Rxd2 36. Rxd2 Rc1 37. Rc2 Rxc2 38. Kxc2 Bxc4 39. a3 Ke6 40. Bb8 a6 41. Kc3 Nd7 42. Bc7 Kd5 43. Kd2 Ba2 44. Ke3 Kc4 45. Nf5 Kb3 46. Nd4+ Kxa3 47. Nc6 Be6 48. Nd8 Bd5 49. Kd4 g3 50. Kxd5 g2 51. Kc6 g1Q 52. Kxd7 b5 53. Kc8 b4 54. d7 b3 55. Ne6 Qd1 56. Be5 Qc2+ 57. Kb8 Qc6 58. d8Q Qb5+ 59. Ka7 Qxe5 60. Qe7+ Ka2 61. Qd7 a5 62. Ka6 Qc3 63. Qd5 g6 64. Nd4 g5 65. Nb5 Qb4 66. Nd4 a4 67. Qg2+ Kb1 1/2-1/2

[Event "IECG WC.2002.F.00008 email"]
[Site "IECG email"]
[Date "2002.12.15"]
[Round "?"]
[White "Choroba, Volker"]
[Black "Bilsel, Sabahaddin"]
[Result "1-0"]
[WhiteElo "1958"]
[BlackElo "1959"]
[PlyCount "47"]
[EventDate "2002.12.15"]
[EventType "tourn (corr)"]
[EventRounds "10"]
[SourceTitle "Corr 2008"]
[Source "ChessBase"]
[SourceDate "2008.06.24"]
[SourceVersion "1"]
[SourceVersionDate "2008.06.24"]
[SourceQuality "1"]

1. e4 c5 2. Nf3 d6 3. d4 cxd4 4. Nxd4 Nf6 5. Nc3 a6 6. Bc4 e6 7. 0-0 b5 8. Bb3 b4 9. Na4 Bd7 10. c3 Nxe4 11. Qf3 d5 12. c4 Qf6 13. cxd5 Qxd4 14. Be3 Qe5 15. Bf4 Qf5 16. Rfe1 g5 17. Rxe4 gxf4 18. Rxf4 Qg5 19. dxe6 Bc6 20. exf7+ Kd8 21. Rd1+ Kc7 22. Bd5 a5 23. Rg4 Bxd5 24. Rxd5 1-0

[Event "IECG WC.2002.F.00008 email"]
[Site "IECG email"]
[Date "2002.12.15"]
[Round "?"]
[White "Pinasco, Juan Pablo"]
[Black "Choroba, Volker"]
[Result "1/2-1/2"]
[WhiteElo "1983"]
[BlackElo "1958"]
[PlyCount "72"]
[EventDate "2002.12.15"]
[EventType "tourn (corr)"]
[EventRounds "10"]
[SourceTitle "Corr 2008"]
[Source "ChessBase"]
[SourceDate "2008.06.24"]
[SourceVersion "1"]
[SourceVersionDate "2008.06.24"]
[SourceQuality "1"]

1. d4 Nf6 2. c4 e5 3. dxe5 Ng4 4. Bf4 Nc6 5. Nf3 Bb4+ 6. Nc3 Bxc3+ 7. bxc3 Qe7 8. Qd5 f6 9. exf6 Nxf6 10. Qd3 d6 11. g3 b6 12. Bg2 Bb7 13. 0-0 Na5 14. Nd2 Bxg2 15. Kxg2 0-0 16. Nb3 Nc6 17. f3 Rae8 18. e4 Qf7 19. Nd2 Qg6 20. Rad1 Kh8 21. Nb3 Nh5 22. Be3 Ne5 23. Qe2 c5 24. Bc1 Rf4 25. Kh1 Rf6 26. Rf2 Qf7 27. f4 Nxc4 28. g4 d5 29. Rxd5 Nd6 30. Rxh5 Nxe4 31. Rg2 Ng3+ 32. hxg3 Rxe2 33. Rxe2 Re6 34. Rxe6 Qxe6 35. Re5 Qd7 36. Kg2 Kg8 1/2-1/2

[Event "IECG WC.2002.F.00008 email"]
[Site "IECG email"]
[Date "2002.12.15"]
[Round "?"]
[White "Smyth, Peter"]
[Black "Choroba, Volker"]
[Result "1/2-1/2"]
[WhiteElo "1966"]
[BlackElo "1958"]
[PlyCount "49"]
[EventDate "2002.12.15"]
[EventType "tourn (corr)"]
[EventRounds "10"]
[SourceTitle "Corr 2008"]
[Source "ChessBase"]
[SourceDate "2008.06.24"]
[SourceVersion "1"]
[SourceVersionDate "2008.06.24"]
[SourceQuality "1"]

1. b3 e5 2. Bb2 Nc6 3. e3 Nf6 4. Bb5 d6 5. Ne2 Bd7 6. 0-0 a6 7. Bxc6 Bxc6 8. d4 Qe7 9. c4 g6 10. Nbc3 Bg7 11. Qc2 0-0 12. Rad1 Rad8 13. e4 exd4 14. Nxd4 Bxe4 15. Rde1 d5 16. Nxd5 Nxd5 17. Rxe4 Qc5 18. Qe2 Nf6 19. Re5 Qd6 20. c5 Qd7 21. Re7 Rde8 22. Rxd7 Rxe2 23. Nxe2 Nxd7 24. Bxg7 Kxg7 25. Rc1 1/2-1/2

[Event "IECG CP.2002.P.00024 email"]
[Site "IECG email"]
[Date "2002.10.01"]
[Round "?"]
[White "Choroba, Volker"]
[Black "Fages, Jorge Juan"]
[Result "0-1"]
[WhiteElo "1961"]
[BlackElo "2013"]
[PlyCount "80"]
[EventDate "2002.10.01"]
[EventType "tourn (corr)"]
[EventRounds "6"]
[EventCountry "NED"]
[SourceTitle "Corr 2008"]
[Source "ChessBase"]
[SourceDate "2008.06.24"]
[SourceVersion "1"]
[SourceVersionDate "2008.06.24"]
[SourceQuality "1"]

1. e4 c5 2. d4 cxd4 3. c3 dxc3 4. Nxc3 e6 5. Nf3 a6 6. Bc4 b5 7. Bb3 Bb7 8. a3 Bc5 9. 0-0 Ne7 10. Bg5 0-0 11. Rc1 d6 12. Ba2 Nbc6 13. b4 Bb6 14. Qe2 h6 15. Bh4 Qc7 16. Rfd1 Ng6 17. Bg3 Rfd8 18. Qb2 Qe7 19. h3 Nce5 20. Qe2 Rac8 21. Kh2 Qf6 22. Nxe5 dxe5 23. Rc2 Nf4 24. Rxd8+ Qxd8 25. Bxf4 exf4 26. Bb3 Qf6 27. Nd1 Rd8 28. Nc3 Bd4 29. Qf3 Qe5 30. Rd2 Rf8 31. Ne2 Be3 32. Ra2 Bxe4 33. Qg4 Bxf2 34. Qxf4 Qxf4+ 35. Nxf4 Be3 36. Ne2 Rd8 37. Nc3 Bd3 38. Nd1 Bb6 39. Rd2 Rd4 40. Nb2 Bb1 0-1

[Event "IECG CP.2002.P.00024 email"]
[Site "IECG email"]
[Date "2002.10.01"]
[Round "?"]
[White "Choroba, Volker"]
[Black "Frijling, Jeroen"]
[Result "1/2-1/2"]
[WhiteElo "1961"]
[BlackElo "2295"]
[PlyCount "88"]
[EventDate "2002.10.01"]
[EventType "tourn (corr)"]
[EventRounds "6"]
[EventCountry "NED"]
[SourceTitle "Corr 2008"]
[Source "ChessBase"]
[SourceDate "2008.06.24"]
[SourceVersion "1"]
[SourceVersionDate "2008.06.24"]
[SourceQuality "1"]

1. e4 c5 2. d4 cxd4 3. c3 dxc3 4. Nxc3 Nc6 5. Nf3 d6 6. Bc4 a6 7. 0-0 Nf6 8. Bg5 e6 9. Qe2 h6 10. Bf4 g5 11. Be3 Ng4 12. Bd2 Nge5 13. Nxe5 Nxe5 14. Bb3 b5 15. f4 gxf4 16. Bxf4 Bg7 17. Rad1 0-0 18. Qd2 Kh7 19. Qxd6 Qxd6 20. Rxd6 Ra7 21. a3 Rd7 22. Rxd7 Bxd7 23. Rd1 Bc6 24. Kf2 Rc8 25. h3 Ng6 26. Bd2 a5 27. Bc2 b4 28. axb4 axb4 29. Na2 b3 30. Bxb3 Rb8 31. Nc1 Bxb2 32. Bc2 Be5 33. Nd3 Bxe4 34. Nxe5 Bxc2 35. Re1 Ne7 36. Ke2 Bg6 37. Ra1 Nd5 38. Ra2 Kg7 39. Nxg6 Kxg6 40. Ra3 f5 41. Rg3+ Kh5 42. Rg7 f4 43. Kf3 Rb3+ 44. Ke4 Ra3 1/2-1/2

[Event "IECG CP.2001.Q.00006 email"]
[Site "IECG email"]
[Date "2002.10.01"]
[Round "?"]
[White "Choroba, Volker"]
[Black "Lyew, Merrill"]
[Result "1-0"]
[WhiteElo "1961"]
[BlackElo "1671"]
[PlyCount "118"]
[EventDate "2002.10.01"]
[EventType "tourn (corr)"]
[EventRounds "6"]
[EventCountry "GER"]
[SourceTitle "Corr 2008"]
[Source "ChessBase"]
[SourceDate "2008.06.24"]
[SourceVersion "1"]
[SourceVersionDate "2008.06.24"]
[SourceQuality "1"]

1. e4 c5 2. d4 cxd4 3. c3 Nf6 4. e5 Nd5 5. Qxd4 e6 6. Nf3 Nc6 7. Qe4 d6 8. Nbd2 dxe5 9. Nxe5 Nxe5 10. Qxe5 Qd6 11. Bb5+ Bd7 12. Bxd7+ Qxd7 13. 0-0 Qc7 14. Qe4 0-0-0 15. Nf3 Kb8 16. Be3 Nxe3 17. Qxe3 Bc5 18. Qe2 Bd6 19. Rad1 g5 20. g3 Be7 21. Rxd8+ Rxd8 22. Rd1 Rxd1+ 23. Qxd1 h5 24. Qd4 f6 25. Qe4 g4 26. Nd4 e5 27. Nf5 Bc5 28. b4 Bf8 29. Qd3 a6 30. a4 a5 31. b5 Bc5 32. Kg2 Ka7 33. f3 Bb6 34. fxg4 hxg4 35. h3 gxh3+ 36. Kxh3 Qd8 37. Qxd8 Bxd8 38. Kg4 Kb6 39. Ne3 Kc7 40. Kf5 Kd7 41. Nc4 b6 42. g4 Ke7 43. Nd2 Kd6 44. Ne4+ Kd7 45. c4 Be7 46. c5 bxc5 47. Nd2 Bd8 48. Nc4 Ke7 49. b6 Kd7 50. b7 Kc7 51. Nxa5 c4 52. Ke4 c3 53. Kd3 e4+ 54. Kxc3 f5 55. gxf5 Bf6+ 56. Kc4 Kb8 57. Kb5 Bc3 58. f6 Bxf6 59. Ka6 Ba1 1-0

[Event "IECG CP.2002.P.00024 email"]
[Site "IECG email"]
[Date "2002.10.01"]
[Round "?"]
[White "Covington, Michael"]
[Black "Choroba, Volker"]
[Result "0-1"]
[WhiteElo "808"]
[BlackElo "1961"]
[PlyCount "72"]
[EventDate "2002.10.01"]
[EventType "tourn (corr)"]
[EventRounds "6"]
[EventCountry "NED"]
[SourceTitle "Corr 2008"]
[Source "ChessBase"]
[SourceDate "2008.06.24"]
[SourceVersion "1"]
[SourceVersionDate "2008.06.24"]
[SourceQuality "1"]

1. e4 e5 2. Nf3 Nc6 3. Bb5 Nd4 4. Nxd4 exd4 5. 0-0 Bc5 6. e5 Ne7 7. d3 c6 8. Bc4 d5 9. exd6 Qxd6 10. Qf3 Qg6 11. a3 0-0 12. h3 Re8 13. Nd2 Bf5 14. Ne4 Bb6 15. Bd2 h6 16. Rae1 Nd5 17. Ng3 Be6 18. Re5 Bc7 19. Re4 b5 20. Ba2 Rad8 21. Rfe1 Bxg3 22. fxg3 Nf6 23. Rxe6 fxe6 24. Qxc6 Qxg3 25. Qb7 Kh8 26. Qxa7 e5 27. Rf1 e4 28. Bf4 Qh4 29. dxe4 Rxe4 30. Qc7 Rde8 31. Bg3 Qg5 32. Bf4 Nd5 33. Bxg5 Nxc7 34. Bf4 Ne6 35. Bd6 Re2 36. b4 d3 0-1

[Event "IECG CP.P.00059 email"]
[Site "IECG email"]
[Date "2001.10.01"]
[Round "?"]
[White "Choroba, Volker"]
[Black "Salvati, Diego Javier"]
[Result "1-0"]
[WhiteElo "1888"]
[BlackElo "2173"]
[PlyCount "75"]
[EventDate "2001.10.01"]
[EventType "tourn (corr)"]
[EventRounds "6"]
[SourceTitle "Corr 2008"]
[Source "ChessBase"]
[SourceDate "2008.06.24"]
[SourceVersion "1"]
[SourceVersionDate "2008.06.24"]
[SourceQuality "1"]

1. e4 e5 2. Nf3 Nf6 3. Nxe5 d6 4. Nf3 Nxe4 5. d4 d5 6. Bd3 Nc6 7. 0-0 Bg4 8. c4 Nf6 9. Nc3 Bxf3 10. Qxf3 Nxd4 11. Qg3 Ne6 12. Re1 c6 13. cxd5 Nxd5 14. Bf5 Qd7 15. Nxd5 cxd5 16. b3 g6 17. Bb2 Rg8 18. Bg4 Bb4 19. Re2 h5 20. Bxh5 Bd6 21. Be5 Bxe5 22. Rxe5 Rc8 23. Bg4 Rc6 24. Rae1 d4 25. Qh3 Kd8 26. Bxe6 fxe6 27. Rxe6 Rxe6 28. Qxe6 Qxe6 29. Rxe6 Kd7 30. Re4 Rc8 31. Rxd4+ Ke6 32. g3 Rc2 33. Ra4 a6 34. h4 Ke5 35. Kg2 Rc3 36. Rc4 Rd3 37. Rc7 Rd2 38. a4 1-0

[Event "LSS RA-2001-0-00005"]
[Site "LSS email"]
[Date "2001.09.16"]
[Round "1"]
[White "Alvebring, Martin"]
[Black "Choroba, Volker"]
[Result "1-0"]
[WhiteElo "2175"]
[BlackElo "1888"]
[PlyCount "55"]
[EventDate "2001.09.16"]
[EventType "tourn (corr)"]
[EventRounds "6"]
[EventCountry "GER"]
[SourceTitle "Corr 2024"]
[Source "ChessBase"]
[SourceDate "2023.10.19"]
[SourceVersion "1"]
[SourceVersionDate "2023.10.19"]
[SourceQuality "1"]

1. e4 e5 2. Nf3 f5 3. Nxe5 Qf6 4. d4 d6 5. Nc4 fxe4 6. Nc3 Qg6 7. f3 Nf6 8. fxe4 Be7 9. e5 Ng4 10. Bd3 Qh5 11. Nd5 Bd8 12. Qf3 dxe5 13. Nxe5 Qh4+ 14. g3 Nxe5 15. dxe5 Qg4 16. Qxg4 Bxg4 17. 0-0 c6 18. Nf4 Bb6+ 19. Kg2 g5 20. h3 gxf4 21. hxg4 fxg3 22. Bf4 Bd4 23. c3 Bc5 24. e6 Na6 25. Rh1 0-0-0 26. Bxh7 Be7 27. Bf5 Rh2+ 28. Kxg3 1-0

[Event "LSS RA-2001-0-00005"]
[Site "LSS email"]
[Date "2001.09.16"]
[Round "1"]
[White "Choroba, Volker"]
[Black "Bourgault, Pierre"]
[Result "0-1"]
[WhiteElo "1888"]
[BlackElo "2009"]
[PlyCount "58"]
[EventDate "2001.09.16"]
[EventType "tourn (corr)"]
[EventRounds "6"]
[EventCountry "GER"]
[SourceTitle "Corr 2024"]
[Source "ChessBase"]
[SourceDate "2023.10.19"]
[SourceVersion "1"]
[SourceVersionDate "2023.10.19"]
[SourceQuality "1"]

1. e4 e5 2. f4 exf4 3. Nf3 Ne7 4. d4 d5 5. Nc3 dxe4 6. Nxe4 Nd5 7. Bd3 Bg4 8. 0-0 Be7 9. c3 Nc6 10. h3 Bc8 11. Re1 0-0 12. Bc2 Bh4 13. Nf2 Bg3 14. c4 Nf6 15. d5 Nb4 16. Bb1 c6 17. a3 Na6 18. d6 Qb6 19. Re2 Nc5 20. Nd4 a5 21. Nd3 Be6 22. Bxf4 Bxf4 23. Nxf4 Bxc4 24. Rf2 Nce4 25. Nh5 Nxf2 26. Nxf6+ gxf6 27. Bxh7+ Kxh7 28. Qh5+ Kg8 29. Rd1 Rfe8 0-1

[Event "IECG WC.2004.P.00006 email"]
[Site "IECG email"]
[Date "2001.01.22"]
[Round "?"]
[White "Choroba, Volker"]
[Black "Lowe, Philip"]
[Result "1/2-1/2"]
[WhiteElo "1817"]
[BlackElo "1488"]
[PlyCount "112"]
[EventDate "2001.01.22"]
[EventType "tourn (corr)"]
[EventRounds "8"]
[SourceTitle "Corr 2008"]
[Source "ChessBase"]
[SourceDate "2008.06.24"]
[SourceVersion "1"]
[SourceVersionDate "2008.06.24"]
[SourceQuality "1"]

1. e4 c5 2. d4 cxd4 3. c3 dxc3 4. Nxc3 Nc6 5. Nf3 e6 6. Bc4 a6 7. 0-0 Nge7 8. Bg5 f6 9. Be3 Ng6 10. Nd4 Be7 11. f4 Bc5 12. Kh1 Qc7 13. Rc1 Bxd4 14. Bxd4 Nxf4 15. Nd5 exd5 16. exd5 Nxd4 17. Qxd4 Qd6 18. Rxf4 0-0 19. Re4 b5 20. Bb3 Kh8 21. Rce1 f5 22. Re7 Qg6 23. Kg1 d6 24. Rc7 Rg8 25. Ree7 Qg5 26. Rf7 a5 27. Bc2 b4 28. h4 Qg4 29. Qxg4 fxg4 30. h5 h6 31. Rf6 Rd8 32. Rg6 Rd7 33. Rxd7 Bxd7 34. Rxd6 Be8 35. Bg6 g3 36. Kf1 Bb5+ 37. Ke1 Rf8 38. a3 bxa3 39. bxa3 Kg8 40. Rb6 Bf1 41. Rb2 Bc4 42. Rc2 Bxd5 43. Rc3 Bxg2 44. Rxg3 Bf3 45. Kd2 Rf6 46. Rg1 Kf8 47. Rb1 Ke7 48. Rb5 a4 49. Ra5 Rd6+ 50. Ke3 Bd1 51. Kf4 Rd2 52. Ra7+ Rd7 53. Ra5 Kd6 54. Ke3 Bb3 55. Kd4 Kc6+ 56. Kc3 Rc7 1/2-1/2

[Event "IECG WC.2004.P.00006 email"]
[Site "IECG email"]
[Date "2001.01.22"]
[Round "?"]
[White "Penna, Paulo Sergio"]
[Black "Choroba, Volker"]
[Result "0-1"]
[WhiteElo "2142"]
[BlackElo "1817"]
[PlyCount "62"]
[EventDate "2001.01.22"]
[EventType "tourn (corr)"]
[EventRounds "8"]
[SourceTitle "Corr 2008"]
[Source "ChessBase"]
[SourceDate "2008.06.24"]
[SourceVersion "1"]
[SourceVersionDate "2008.06.24"]
[SourceQuality "1"]

1. d4 Nf6 2. c4 e5 3. dxe5 Ng4 4. Bf4 Nc6 5. Nf3 Bb4+ 6. Nbd2 Qe7 7. e3 Ngxe5 8. Nxe5 Nxe5 9. Be2 0-0 10. 0-0 a5 11. a3 Bc5 12. Nb3 Ba7 13. Qd5 d6 14. Qxa5 Bxe3 15. Qxa8 Bxf4 16. Rfe1 Qg5 17. Qa5 b5 18. Qxb5 Bd7 19. Qa5 Bc6 20. g3 Bxg3 21. hxg3 Qh6 22. Qd5 Bxd5 23. cxd5 Rb8 24. Nd4 Qd2 25. Nf3 Qxb2 26. Nxe5 dxe5 27. a4 e4 28. a5 e3 29. a6 exf2+ 30. Kxf2 Qd4+ 31. Kf1 g6 0-1

[Event "IECG WC.2004.P.00006 email"]
[Site "IECG email"]
[Date "2001.01.22"]
[Round "?"]
[White "Tanti, Joseph G"]
[Black "Choroba, Volker"]
[Result "0-1"]
[WhiteElo "1953"]
[BlackElo "1817"]
[PlyCount "104"]
[EventDate "2001.01.22"]
[EventType "tourn (corr)"]
[EventRounds "8"]
[SourceTitle "Corr 2008"]
[Source "ChessBase"]
[SourceDate "2008.06.24"]
[SourceVersion "1"]
[SourceVersionDate "2008.06.24"]
[SourceQuality "1"]

1. e4 e5 2. Nf3 Nf6 3. Nxe5 d6 4. Nf3 Nxe4 5. d4 d5 6. Bd3 Be7 7. 0-0 Nc6 8. c4 Nb4 9. Be2 0-0 10. Nc3 Bf5 11. a3 Nxc3 12. bxc3 Nc6 13. Re1 Bf6 14. Bf4 Rc8 15. cxd5 Qxd5 16. Bf1 Bg4 17. Rb1 Nd8 18. Be2 Ne6 19. c4 Qd8 20. Be3 Bxf3 21. Bxf3 Bxd4 22. Rxb7 a6 23. Bxd4 Nxd4 24. Be4 Qf6 25. h3 g6 26. Re3 Rfd8 27. Bd5 Nf5 28. Rd3 Rd7 29. g4 Nh4 30. Qe2 Re7 31. Re3 Rxe3 32. Qxe3 g5 33. Ra7 Ng6 34. Bb7 Rb8 35. c5 Nf4 36. Kh2 Kg7 37. h4 gxh4 38. Rxa6 Ne6 39. Ra7 Rd8 40. Ra4 Qb2 41. Bg2 Rd2 42. Rb4 Qa2 43. Kg1 Qa1+ 44. Kh2 Rc2 45. a4 Qf6 46. f4 h6 47. f5 Ng5 48. Qd3 Qe5+ 49. Kh1 Rc1+ 50. Bf1 h3 51. Rc4 Rxc4 52. Qxc4 Nf3 0-1

[Event "IECG C1.2000.0.00325"]
[Site "IECG email"]
[Date "2000.12.26"]
[Round "?"]
[White "Choroba, Volker"]
[Black "Lockett, Karl J"]
[Result "1-0"]
[WhiteElo "1817"]
[BlackElo "1908"]
[PlyCount "29"]
[EventDate "2000.11.30"]
[EventType "tourn (corr)"]
[EventRounds "5"]
[SourceTitle "Corr 2008"]
[Source "ChessBase"]
[SourceDate "2008.06.24"]
[SourceVersion "1"]
[SourceVersionDate "2008.06.24"]
[SourceQuality "1"]

1. e4 b6 2. Nf3 Bb7 3. Nc3 e6 4. d4 Bb4 5. Bd3 Nf6 6. Qe2 d5 7. e5 Ne4 8. 0-0 Nxc3 9. bxc3 Bxc3 10. Rb1 0-0 11. Bxh7+ Kh8 12. Ng5 g6 13. Qf3 Bxd4 14. Qh3 Bxe5 15. Nxe6 1-0

[Event "IECG C1.2000.0.00325"]
[Site "IECG email"]
[Date "2000.11.30"]
[Round "?"]
[White "Ling, Anthony J"]
[Black "Choroba, Volker"]
[Result "0-1"]
[WhiteElo "1880"]
[BlackElo "1817"]
[PlyCount "78"]
[EventDate "2000.11.30"]
[EventType "tourn (corr)"]
[EventRounds "5"]
[SourceTitle "Corr 2008"]
[Source "ChessBase"]
[SourceDate "2008.06.24"]
[SourceVersion "1"]
[SourceVersionDate "2008.06.24"]
[SourceQuality "1"]

1. e4 e5 2. Nf3 Nf6 3. Nxe5 d6 4. Nf3 Nxe4 5. d4 d5 6. Bd3 Bd6 7. 0-0 0-0 8. c4 c6 9. Nc3 Nxc3 10. bxc3 dxc4 11. Bxc4 Bg4 12. Qd3 Nd7 13. Ng5 Nf6 14. h3 Bh5 15. f4 h6 16. g4 hxg5 17. fxg5 b5 18. Bb3 Nxg4 19. hxg4 Qd7 20. gxh5 Qg4+ 21. Kf2 Rae8 22. Rg1 Qh4+ 23. Kg2 Qh2+ 24. Kf1 Bf4 25. Bd2 Bxd2 26. Rg2 Qh1+ 27. Rg1 Qxh5 28. Rg3 Bxg5 29. Rh3 Bh4 30. a4 Re7 31. axb5 Rfe8 32. Rf3 Re1+ 33. Rxe1 Rxe1+ 34. Kg2 Qg4+ 35. Kh2 Qg1+ 36. Kh3 Qh1+ 37. Kg4 Qg2+ 38. Kxh4 g5+ 39. Kh5 Rh1+ 0-1